000
00259nam a22001217a 4500
008
160510b xxu||||| |||| 00| 0 eng d
020
_a
9780878911844
020
_a
0878911847
041
_a
eng
080
_a
54
245
_a
Chemistry:
_c
REA:
942
_2
udc
_c
BK
999
_c
1992
_d
1992